000 01137naa a2200313 c 4500
999 _c47427
_d47427
001 47427
003 ES-MaCES
005 20251115040003.0
008 160415s2016 sp ||||| t||||||| ||spa d
040 _aES-MaCES
_bspa
_cES-MaCES
_dES-MaCES
100 1 _936729
_aRenier, Romain
245 1 1 _a¿Es asalariado un conductor de Uber?
_cRomain Renier
610 2 7 _939727
_aUber (Firma)
650 4 _928432
_aconductor
650 4 _928452
_aobrero del transporte
650 4 _928022
_aservicio del automóvil
650 4 _927897
_acompetencia
650 4 _aeconomía colaborativa
_937923
650 4 _930788
_anuevas tecnologías
650 4 _930572
_aInternet
650 4 _928327
_acondiciones de trabajo
650 4 _928369
_arelaciones laborales
650 4 _928310
_atrabajo subcontratado
650 4 _928412
_atrabajador independiente
653 1 0 _aRelaciones laborales-Empleo
773 0 _983956
_dBarcelona Alternativas Económicas SCCL D.L. 2013-
_o086858
_tAlternativas económicas
_w(ES-MaCES)45016
_gn. 32 (en. 2016) {55/1126 R. 086858} ;p. 56
902 _aART Artículo de revista
942 _2CES
_cAR
_h2.0.